Concepts of modern physics / (Record no. 4357)
[ view plain ]
| 000 -LEADER | |
|---|---|
| fixed length control field | 00736nam a22002537a 4500 |
| 001 - CONTROL NUMBER | |
| control field | 17109 |
| 003 - CONTROL NUMBER IDENTIFIER | |
| control field | BD-DhUAP |
| 005 - DATE AND TIME OF LATEST TRANSACTION | |
| control field | 20201108152825.0 |
| 008 - FIXED-LENGTH DATA ELEMENTS--GENERAL INFORMATION | |
| fixed length control field | 201108r20062011ii a b 001 0 eng d |
| 020 ## - INTERNATIONAL STANDARD BOOK NUMBER | |
| International Standard Book Number | 9780070151550 |
| 020 ## - INTERNATIONAL STANDARD BOOK NUMBER | |
| International Standard Book Number | 0070151555 |
| 040 ## - CATALOGING SOURCE | |
| Original cataloging agency | DLC |
| Transcribing agency | DLC |
| Modifying agency | BD-DhUAP |
| Language of cataloging | Eng |
| 082 00 - DEWEY DECIMAL CLASSIFICATION NUMBER | |
| Edition number | 23 |
| Classification number | 539 BEI |
| 100 1# - MAIN ENTRY--PERSONAL NAME | |
| Personal name | Beiser, Arthur. |
| 245 10 - TITLE STATEMENT | |
| Title | Concepts of modern physics / |
| Statement of responsibility, etc. | Arthur Beiser. |
| 250 ## - EDITION STATEMENT | |
| Edition statement | 6th ed. |
| 260 ## - PUBLICATION, DISTRIBUTION, ETC. | |
| Place of publication, distribution, etc. | India : |
| Name of publisher, distributor, etc. | Tata-McGraw-Hill, |
| Date of publication, distribution, etc. | c2006 [Reprinted 2011]. |
| 300 ## - PHYSICAL DESCRIPTION | |
| Extent | xxiii, 623 pages : |
| Other physical details | illustrations ; |
| Dimensions | 24 cm. |
| 504 ## - BIBLIOGRAPHY, ETC. NOTE | |
| Bibliography, etc. note | Includes bibliographical references and index. |
| 650 #0 - SUBJECT ADDED ENTRY--TOPICAL TERM | |
| Topical term or geographic name entry element | Physics. |
| 942 00 - ADDED ENTRY ELEMENTS (KOHA) | |
| Koha issues (borrowed), all copies | 1 |
| Source of classification or shelving scheme | |
| Koha item type | Book |
| Withdrawn status | Lost status | Source of classification or shelving scheme | Damaged status | Not for loan | Permanent Location | Current Location | Shelving location | Date acquired | Full call number | Barcode | Date last seen | Copy number | Price effective from | Koha item type | Total Checkouts | Date last checked out |
|---|---|---|---|---|---|---|---|---|---|---|---|---|---|---|---|---|
| UAP Central Library | UAP Central Library | General Stacks | 2020-11-08 | 539 BEI | 3010017109 | 2020-11-08 | 1 | 2020-11-08 | Book | |||||||
| UAP Central Library | UAP Central Library | General Stacks | 2020-11-08 | 539 BEI | 3010017120 | 2020-11-08 | 2 | 2020-11-08 | Book | |||||||
| UAP Central Library | UAP Central Library | General Stacks | 2020-11-08 | 539 BEI | 3010017113 | 2020-11-08 | 3 | 2020-11-08 | Book | |||||||
| UAP Central Library | UAP Central Library | General Stacks | 2020-11-08 | 539 BEI | 3010017111 | 2020-11-08 | 4 | 2020-11-08 | Book | |||||||
| UAP Central Library | UAP Central Library | General Stacks | 2020-11-08 | 539 BEI | 3010018604 | 2020-11-08 | 5 | 2020-11-08 | Book | |||||||
| UAP Central Library | UAP Central Library | General Stacks | 2020-11-08 | 539 BEI | 3010018603 | 2020-11-08 | 6 | 2020-11-08 | Book | |||||||
| UAP Central Library | UAP Central Library | General Stacks | 2020-11-08 | 539 BEI | 3010017115 | 2020-11-08 | 7 | 2020-11-08 | Book | |||||||
| UAP Central Library | UAP Central Library | General Stacks | 2020-11-08 | 539 BEI | 3010017119 | 2020-11-08 | 8 | 2020-11-08 | Book | |||||||
| UAP Central Library | UAP Central Library | General Stacks | 2020-11-08 | 539 BEI | 3010017118 | 2022-01-22 | 9 | 2020-11-08 | Book | 1 | 2022-01-18 | |||||
| UAP Central Library | UAP Central Library | General Stacks | 2020-11-08 | 539 BEI | 3010017114 | 2022-01-22 | 10 | 2020-11-08 | Book | 1 | 2022-01-17 | |||||
| UAP Central Library | UAP Central Library | General Stacks | 2020-11-08 | 539 BEI | 3010018602 | 2020-11-08 | 11 | 2020-11-08 | Book | |||||||
| UAP Central Library | UAP Central Library | General Stacks | 2020-11-08 | 539 BEI | 3010018606 | 2020-11-08 | 12 | 2020-11-08 | Book | |||||||
| UAP Central Library | UAP Central Library | General Stacks | 2020-11-08 | 539 BEI | 3010017110 | 2020-11-08 | 13 | 2020-11-08 | Book | |||||||
| UAP Central Library | UAP Central Library | General Stacks | 2020-11-08 | 539 BEI | 3010017112 | 2022-02-22 | 14 | 2020-11-08 | Book | 1 | 2022-01-17 | |||||
| UAP Central Library | UAP Central Library | General Stacks | 2020-11-08 | 539 BEI | 3010018605 | 2020-11-08 | 15 | 2020-11-08 | Book | |||||||
| UAP Central Library | UAP Central Library | General Stacks | 2020-11-08 | 539 BEI | 3010017117 | 2020-11-08 | 16 | 2020-11-08 | Book | |||||||
| UAP Central Library | UAP Central Library | General Stacks | 2020-11-08 | 539 BEI | 3010017116 | 2020-11-08 | 17 | 2020-11-08 | Book |
Bengali Keyboard